000 01211nam a22003377a 4500
003 CHAP
005 20220329141708.0
008 971013s1978 r 00010 d
010 _a72342
011 _a73314
035 _a82871
040 _cCHAP
090 _aFolleto 5773
100 0 0 _aAguirre Rivera, Juan Rogelio
_eed.
_93029
245 _aInvestigaciones del medio natural en Nayarit
260 _a(Chapingo, Méx.) :
_bUACH. Departamento de Economía Agrícola,
_c1978
300 _a60 p.
490 _aUACH. Departamento de Economía Agrícola. Informes de prácticas
590 _aBATCH-UPD
_b10
_c20130110
_lUCH01
_h0705
590 _aBATCH-UPD
_b10
_c20130110
_lUCH01
_h2336
590 _aBATCH-UPD
_b10
_c20130410
_lUCH01
_h0351
590 _aBATCH-UPD
_b10
_c20130914
_lUCH01
_h0736
590 _aCONVERSION
_b10
_c20130109
_lUCH01
_h1340
650 1 4 _aBotánica
_xNayarit.
_914595
650 1 4 _aNayarit
_xCondiciones económicas.
_980622
830 0 _aUACH. Departamento de Economía Agrícola. Informes de prácticas
_9115863
901 _aBK
942 _cFOLL
949 _aFolleto 5773
_bBC
_cFOLL
_d-37139
_eTS2
_fc.2
_i82871
_mD.
_si
949 _aFolleto 5773
_bBC
_cUACH
_d-37138
_eUACH
_i82871
_mD.
_si
999 _c72342
_d72342